Traite de la vigne et de ses produits : comprenant l'histoire de la vigne et du vin dans tous les pays, l'etude botanique et pratique des differents cepages, les facteurs du vin; le vin au point de vue chimique, ses alterations, ses falsifications et la maniere de les reconnaitre, les eaux-de-vie, les vinaigres; etc., Les enemies de la vigne et les moyens de les combattre, la viticulture pratique; etc.
Αποθηκεύτηκε σε:
| Κύριος συγγραφέας: | |
|---|---|
| Άλλοι συγγραφείς: | |
| Μορφή: | Βιβλίο |
| Γλώσσα: | French |
| Δημοσίευση: |
Paris :
Octave Doin,
1886-1889
|
| Θέματα: | |
| Ετικέτες: |
Προσθήκη ετικέτας
Δεν υπάρχουν, Καταχωρήστε ετικέτα πρώτοι!
|
MARC
| LEADER | 00000cam a2200000 i 4500 | ||
|---|---|---|---|
| 001 | 1/69304 | ||
| 008 | 150406m18861889 fre d | ||
| 035 | |l 10121510 | ||
| 040 | |a GR-MY-UA |b gre |e aacr | ||
| 041 | 0 | |a fre | |
| 082 | 0 | |a 641.22 |2 (23) | |
| 100 | 1 | |a Portes, Ludovic |d 1845- | |
| 245 | 1 | 0 | |a Traite de la vigne et de ses produits : |b comprenant l'histoire de la vigne et du vin dans tous les pays, l'etude botanique et pratique des differents cepages, les facteurs du vin; le vin au point de vue chimique, ses alterations, ses falsifications et la maniere de les reconnaitre, les eaux-de-vie, les vinaigres; etc., Les enemies de la vigne et les moyens de les combattre, la viticulture pratique; etc. / |c par MM. L. Portes, F. Ruyssen ; precede d'une preface De M. A. Chatin |
| 260 | |a Paris : |b Octave Doin, |c 1886-1889 | ||
| 300 | |a 3 τ. (xii, 701, 891 σ.); |b εικ.; |c 25 εκ. | ||
| 505 | 0 | |a τ.2. Enologie - Vinaigres et Eaux-de-Vie.τ.3. Viticulture pratique - Ennemis de la vigne. Moyens de les comdattre. | |
| 650 | 0 | 0 | |a Wine and wine making. |
| 650 | 0 | 0 | |a Viticulture. |
| 700 | 1 | |a Ruyssen, F. | |
| 740 | 0 | 2 | |a Enologie - Vinaigres et Eaux-de-Vie |
| 740 | 0 | 2 | |a Viticulture pratique - Ennemis de la vigne Moyens de les combattre. |
| 852 | |a INST |b SAMOS |c MOR |e 20151125 |h 641.22 POR |p 005300042083 |q 005300042083 |t NOLOAN |v τομ.3: |y 23 | ||
| 852 | |a INST |b SAMOS |c MOR |e 20151125 |h 641.22 POR |p 005300042093 |q 005300042093 |t NOLOAN |v τομ.1: |y 23 | ||
| 852 | |a INST |b SAMOS |c MOR |e 20151125 |h 641.22 POR |p 005300042094 |q 005300042094 |t NOLOAN |v τομ.2: |y 23 | ||
| 853 | |a INST |b SAMOS |c MOR |h 641.22 POR | ||
| 901 | |a BIBL3-2015-1 | ||
| 909 | |a Σ |b 192114 | ||
| 909 | |a Σ |b 192115 | ||
| 909 | |a Σ |b 192104 | ||
| 970 | |a ΣΙΤΖΙΜΗ |b ΓΙΑΣΕΜΗ |z 2015/04/06 | ||